| 000 | 00548nam a2200217 i 4500 | ||
|---|---|---|---|
| 001 | 118684 | ||
| 005 | 20230410132646.0 | ||
| 008 | 141204b2013 xx a 000 0 eng | ||
| 020 | _a9780988616110 | ||
| 041 | 0 | _aeng | |
| 050 | 1 | 4 |
_aPS 3558 _bI87t 2013 |
| 082 | 0 | 0 | _a823.8 |
| 100 | 1 | _aIstvan, Zoltan | |
| 245 | 1 | 4 |
_aThe transhumanist wager / _cZoltan Istvan. |
| 260 |
_a[s. l.] : _bFuturity Imagine Media LLC, _c2013. |
||
| 300 | _a298 p. | ||
| 650 | 0 | _aScience fiction. | |
| 650 | 4 | _aCiencia ficción. | |
| 942 |
_2lcc _cbk |
||
| 946 | 1 | _aYSL | |
| 999 |
_c85489 _d85489 |
||